000 00536nam a2200205Ia 4500
005 20230412095211.0
008 140110s9999 xx 000 0 und d
020 _a9788175225213
_cRs.100.00
040 _aLoreto College
041 _aEnglish
082 _aTAG 891.443
_bTAG
100 _aTagore,Rabindranath
245 _aJogajog
_cRabindranath Tagore
260 _aKolkata
_bViswa Bharati Granthanbibhag
_c2011
300 _a237p
650 _aBengali Literature
651 _aBengali Fiction
850 _aLCLIB
942 _cBK
999 _c37939
_d88418